000 00692nam a2200217 i 4500
001 17797
003 ES-MaACL
005 20230906151657.0
007 t|
008 010528s2000 sp ||||1| spa d
020 _a84-95572-00-1
080 _a821.134.2-31"19"
100 1 _aQuiƱonero, Juan Pedro.
_994746
245 1 0 _aAnales del alba /
_cJuan Pedro QuiƱonero.
260 _aPalma de Mallorca :
_bBitzoc,
_c[2000]
300 _a86 p. ;
_c23 cm.
490 1 _aBiblioteca Bitzoc de literatura, declaraciones y ensayos ;
_v44
830 0 _aBiblioteca Bitzoc de literatura, declaraciones y ensayos ;
_v44
_9180337
852 _aES-MaACL
_jL-24712
_bR.129848
999 _c17797
_d17797